000 00434cam a2200169ua 4500
020 _c3.00
041 _amal
_h
082 _a894.812308
_bKOE/NA
100 _aKoestler, Arthur .
245 _aNattuchakkiruttu /
_cArthur Koestler.
_hTextual Documents
260 _aKottayam :
_bSahitya Pravarthaka Co-operative Society ,
_c1960.
300 _a264 ; .
365 _a3.00
504 _a
942 _cBK
999 _c6525
_d6525